| 000 | 01331nam a2200301 4500 | ||
|---|---|---|---|
| 003 | EC-UNACH | ||
| 006 | s||||gr|||| 00| 00 | ||
| 008 | 150116t9999 mx r gr 000 0 spa d | ||
| 020 | _a978-958-867-516-9 | ||
| 040 |
_aEC-UNACH _cEC-UNACH |
||
| 041 | _aspa | ||
| 082 | 0 | 4 |
_223 _a155.5 _bL017428 |
| 100 | _aMuñoz, Aurora | ||
| 245 |
_aDesarrollo de las competencias básicas en educación infantil _bPropuestas y ejemplificaciones didácticas |
||
| 250 | _aPrimera Edición | ||
| 264 |
_aBogota _bEdiciones de la U _c2010 |
||
| 300 |
_a152 paginas _bIlustraciones, Tablas _c24 cm. |
||
| 500 | _aEl desarrollo de las competencias básicas en Educación Infantil desde una perspectiva practica, global e integradora | ||
| 505 | _aLa educación infantil en el marco de la legislación actual.- Las competencias en la Educación Infantil.- Metodología para promover las competencias en el aula propuesta de acción.- Experiencias con metodología activa desarrolladas en el aula con niños y niñas de 3 a 6 años.- Las competencias en el proceso. Caminos y esperanzas | ||
| 650 | _aEVALUACIÓN | ||
| 650 | _aEDUCACIÓN | ||
| 650 | _aPROFESORADO | ||
| 700 | _aMuñoz, Aurora | ||
| 942 |
_2ddc _c1 |
||
| 999 | _c14447 | ||